Central Library OPAC University of Rajshahi

The lost world / (Record no. 13800)

MARC details
000 -LEADER
fixed length control field 00682nam a2200229 a 4500
001 - CONTROL NUMBER
control field 13800
003 - CONTROL NUMBER IDENTIFIER
rucl marc code BD-RjUL
005 - DATE AND TIME OF LATEST TRANSACTION
control field 20211208235520.0
008 - FIXED-LENGTH DATA ELEMENTS--GENERAL INFORMATION
fixed length control field 161124s1955 enka b 001 0 eng d
035 ## - SYSTEM CONTROL NUMBER
System control number (BD-RjUL)13852
040 ## - CATALOGING SOURCE
Original cataloging agency BD-RjUL
Language of cataloging eng
Transcribing agency BD-RjUL
Modifying agency BD-RjUL
041 ## - LANGUAGE CODE
Language code of text/sound track or separate title eng
082 ## - DEWEY DECIMAL CLASSIFICATION NUMBER
Edition number 23
Classification number 823.912
Author mark and year DOL 1955
100 1# - MAIN ENTRY--PERSONAL NAME
Personal name Doyle, Arthur Conan
9 (RLIN) 166211
245 14 - TITLE STATEMENT
Title The lost world /
Statement of responsibility, etc. Arthur Conan Doyle, Edited by Kenneth Pinnock
260 ## - PUBLICATION, DISTRIBUTION, ETC. (IMPRINT)
Place of publication, distribution, etc. London :
Name of publisher, distributor, etc. John Murry,
Date of publication, distribution, etc. 1955
300 ## - PHYSICAL DESCRIPTION
Pagination xiii, 225 p. ;
Size 19 cm
651 ## - SUBJECT ADDED ENTRY--GEOGRAPHIC NAME
Geographic name South America
General subdivision Dinosaurs
9 (RLIN) 166787
General subdivision Discoveries in geography
9 (RLIN) 166788
700 ## - ADDED ENTRY--PERSONAL NAME
Personal name Pinnock, Kenneth
942 ## - ADDED ENTRY ELEMENTS (KOHA)
Source of classification or shelving scheme Dewey Decimal Classification
Koha item type Books
Holdings
Lost status Source of classification or shelving scheme Damaged status Not for loan Collection code Permanent Location Current Location Shelving location Date acquired Source of acquisition Cost, normal purchase price Total Checkouts Full call number Date last seen Copy number Koha item type
  Dewey Decimal Classification     Fiction Central Library, University of Rajshahi Central Library, University of Rajshahi   09/06/1955 Alies Book House 4.40   823.912 DOL 1955 24/11/2016 C-2 Books